000 00340nam a2200133Ia 4500
008 230917s9999||||xx |||||||||||||| ||und||
040 _e136939
_aMAIN
041 _aEnglish
082 _a822.09 E78P
100 _aElson, John
245 0 _aPost-war British theatre critcism
260 _aLondon
_bRoutledge & Kegan Paul
_c267
942 _cBK
999 _c220327
_d220327